|
|
|
|
| LEADER |
01961nam a2200553 i 4500 |
| 001 |
nkc20182980372 |
| 003 |
CZ PrNK |
| 005 |
20180919132104.0 |
| 007 |
ta |
| 008 |
180215s2018 xr a e f 000 0 cze |
| 015 |
|
|
|a cnb002980372
|
| 020 |
|
|
|a 978-80-7549-728-4
|q (vázáno) :
|c Kč 379,00
|
| 035 |
|
|
|a (OCoLC)1048441084
|
| 040 |
|
|
|a BOA001
|b cze
|d ABA001
|e rda
|
| 041 |
1 |
|
|a cze
|h pol
|
| 072 |
|
7 |
|a 58
|x Botanika
|2 Konspekt
|9 2
|
| 080 |
|
|
|a 582.282/.284
|2 MRF
|
| 080 |
|
|
|a 088
|2 MRF
|
| 080 |
|
|
|a (0.062)
|2 MRF
|
| 080 |
|
|
|a (084.11)
|2 MRF
|
| 100 |
1 |
|
|a Fabisińska, Liliana,
|d 1971-
|7 xx0207256
|4 aut
|
| 240 |
1 |
0 |
|a Grzyby.
|l Česky
|
| 245 |
1 |
0 |
|a Houby :
|b podivuhodné skutečnosti ze života hub, o kterých jste neměli tušení /
|c napsala Liliana Fabisińská ; ilustrovala Asia Gwis ; přeložila Marta Harasimowicz
|
| 250 |
|
|
|a Vydání první
|
| 264 |
|
1 |
|a Praha :
|b Euromedia,
|c 2018
|
| 300 |
|
|
|a 93 stran :
|b barevné ilustrace ;
|c 35 cm
|
| 336 |
|
|
|a text
|b txt
|2 rdacontent
|
| 336 |
|
|
|a statický obraz
|b sti
|2 rdacontent
|
| 337 |
|
|
|a bez média
|b n
|2 rdamedia
|
| 338 |
|
|
|a svazek
|b nc
|2 rdacarrier
|
| 490 |
1 |
|
|a Pikola
|
| 500 |
|
|
|a Přeloženo z polštiny
|
| 650 |
0 |
7 |
|a houby
|7 ph114706
|2 czenas
|
| 650 |
0 |
7 |
|a kuriozity, rekordy a zajímavosti
|7 ph115040
|2 czenas
|
| 650 |
0 |
9 |
|a mushrooms
|2 eczenas
|
| 650 |
0 |
9 |
|a curiosities, records and wonders
|2 eczenas
|
| 655 |
|
7 |
|a populárně-naučné publikace
|7 fd131864
|2 czenas
|
| 655 |
|
7 |
|a obrazové publikace
|7 fd132947
|2 czenas
|
| 655 |
|
9 |
|a popular works
|2 eczenas
|
| 655 |
|
9 |
|a pictorial works
|2 eczenas
|
| 700 |
1 |
|
|a Gwis, Joanna,
|d 1976-
|7 xx0225736
|4 ill
|
| 700 |
1 |
|
|a Harasimowicz, Marta,
|d 1986-
|7 av2016918936
|4 trl
|
| 830 |
|
0 |
|a Pikola (Euromedia)
|0 s
|
| 910 |
2 |
|
|a BOA001
|b 4-1408.759
|
| 928 |
9 |
|
|a Euromedia Group
|
| 990 |
|
|
|a BK
|
| 995 |
|
|
|a 01
|
| 991 |
|
|
|b 201807
|c NOV
|
| 996 |
6 |
|
|b 2610747623
|c 4-1408.759
|l MZK
|r Sklad / do 1 hodiny
|n 3
|p p.v.
|w 001672676
|u 000010
|a 1
|e BOA001
|j MZK50
|s P
|